[Event "London Classic Open 2016"]
[Site "London ENG"]
[Date "2016.12.10"]
[Round "2.33"]
[White "Elsness, Frode"]
[Black "Haribalu, V."]
[Result "1-0"]
[WhiteTitle "IM"]
[WhiteElo "2452"]
[BlackElo "2201"]
[WhiteFideId "1501100"]
[BlackFideId "5015189"]
[EventDate "2016.12.09"]

1. d4 d5 2. c4 c6 3. Nf3 Nf6 4. e3 Bg4 5. h3 Bxf3 6. Qxf3 e6 7. Nc3 Bd6 8. Bd2
Nbd7 9. O-O-O Qe7 10. g4 h6 11. h4 O-O-O 12. g5 Ne4 13. Nxe4 dxe4 14. Qxe4 hxg5
15. hxg5 Qxg5 16. Be2 g6 17. f4 Qe7 18. Kb1 Bb4 19. Bc1 Qf6 20. a3 Be7 21. Qg2
Rxh1 22. Rxh1 Rh8 23. Rxh8+ Qxh8 24. Bf3 Kc7 25. Bd2 Qf6 26. Ba5+ Kb8 27. Bc3
Qf5+ 28. Be4 Qh5 29. Ka2 Kc7 30. d5 exd5 31. cxd5 Nb8 32. Qc2 Bd6 33. Bd4 b6 34.
dxc6 Qb5 35. b4 a5 36. bxa5 Qxa5 37. Qb3 Nxc6 38. Qxf7+ Ne7 39. Bb2 Qd2 40. Bxg6
Qxe3 41. f5 Qe4 42. Bh7 Qd5+ 43. Qxd5 Nxd5 44. Bg8 Ne7 45. Be6 Nc6 46. f6 b5 47.
Bd5 Ne5 48. Kb3 Nd7 49. f7 Bf8 50. Bc3 Kd6 51. Bg2 Kc7 52. Bb4 Nc5+ 53. Kc3 Kd6
54. Bf1 Kc6 55. Kd4 Bg7+ 56. Ke3 Bh6+ 57. Kf3 Nd7 58. Ke4 Nc5+ 59. Kf5 Bg7 60.
Kg6 Bf8 61. Kh7 Ne6 62. Bxf8 Nxf8+ 63. Kg8 Nd7 64. Bh3 1-0

[Event "London Classic Open 2016"]
[Site "London ENG"]
[Date "2016.12.10"]
[Round "2.35"]
[White "Lyell, Mark"]
[Black "Nasuta, Grzegorz"]
[Result "0-1"]
[WhiteTitle "FM"]
[BlackTitle "IM"]
[WhiteElo "2203"]
[BlackElo "2448"]
[WhiteFideId "402354"]
[BlackFideId "1141686"]
[EventDate "2016.12.09"]

1. e4 c5 2. Nc3 a6 3. g3 b5 4. Bg2 Bb7 5. Nge2 e6 6. O-O d6 7. d4 cxd4 8. Nxd4
Nd7 9. Re1 Be7 10. Be3 Qc7 11. Qh5 g6 12. Qh3 Nb6 13. e5 dxe5 14. Nxe6 fxe6 15.
Qxe6 Nc4 16. Rad1 Bxg2 17. Kxg2 Qc8 18. Qd5 Nf6 19. Qf3 O-O 20. Bh6 Rf7 21. b3
Ng4 22. Qd5 Nb6 0-1

[Event "London Classic Open 2016"]
[Site "London ENG"]
[Date "2016.12.10"]
[Round "2.36"]
[White "Gaudeau, Valentin"]
[Black "Williams, Simon K"]
[Result "1/2-1/2"]
[BlackTitle "GM"]
[WhiteElo "2182"]
[BlackElo "2443"]
[WhiteFideId "662216"]
[BlackFideId "404454"]
[EventDate "2016.12.09"]

1. d4 e6 2. Nf3 f5 3. g3 Nf6 4. Bg2 Be7 5. O-O O-O 6. c4 d6 7. Nc3 a5 8. b3 Ne4
9. Bb2 Nxc3 10. Bxc3 Qe8 11. Ne1 Nc6 12. d5 Nd8 13. dxe6 Nxe6 14. e3 Nc5 15. Nf3
a4 16. b4 Ne4 17. Bd4 c5 18. bxc5 dxc5 19. Be5 Be6 20. Qc2 Qf7 21. Rfc1 Rfd8 22.
Rab1 Rd7 23. Rb5 Bf6 24. Bxf6 Qxf6 25. Bf1 Bf7 26. Qb2 Qxb2 27. Rxb2 a3 28. Rbc2
Rad8 29. Be2 Bh5 30. Kf1 Bxf3 31. Bxf3 Nd2+ 32. Ke2 Nxf3 33. Kxf3 Rd2 34. Kf4 g6
35. h4 Kf7 36. f3 Kf6 37. g4 fxg4 38. fxg4 h6 39. g5+ hxg5+ 40. hxg5+ Ke6 41.
Ke4 R8d6 42. Rxd2 Rxd2 43. Rc3 Rxa2 44. Rb3 Rc2 45. Rb6+ Kd7 46. Rxb7+ Kc6 47.
Ra7 Rxc4+ 48. Kd3 Rg4 49. Rxa3 Rxg5 50. Ra8 Kd5 51. Rd8+ Ke6 52. Rc8 Rd5+ 53.
Kc4 Re5 54. Kd3 Kf5 55. e4+ Kf4 56. Rf8+ Kg3 57. Ke3 g5 58. Rf5 Re8 59. Rxg5+
Kh4 60. Rxc5 Kg4 61. Kd4 Ra8 62. Rb5 Kf4 63. Rf5+ Kg4 64. Rf7 Ra4+ 65. Ke5 Ra5+ 1/2-1/2

[Event "London Classic Open 2016"]
[Site "London ENG"]
[Date "2016.12.10"]
[Round "2.37"]
[White "Cherniaev, Alexander"]
[Black "Jones, Steven A"]
[Result "1/2-1/2"]
[WhiteTitle "GM"]
[WhiteElo "2439"]
[BlackElo "2175"]
[WhiteFideId "4117301"]
[BlackFideId "419630"]
[EventDate "2016.12.09"]

1. d4 Nf6 2. c4 g6 3. g3 Bg7 4. Bg2 O-O 5. Nc3 d6 6. Nf3 Nc6 7. O-O a6 8. e4 Bg4
9. Be3 e5 10. d5 Ne7 11. h3 Bc8 12. Ne1 Nh5 13. Nd3 f5 14. Qd2 Rf7 15. exf5 gxf5
16. Qe2 Nf6 17. f4 e4 18. Nf2 c6 19. dxc6 bxc6 20. g4 d5 21. Rfd1 Qa5 22. Rab1
Rb8 23. Bd4 Be6 24. a3 Nd7 25. Qe3 Bxd4 26. Rxd4 1/2-1/2

[Event "London Classic Open 2016"]
[Site "London ENG"]
[Date "2016.12.10"]
[Round "2.38"]
[White "Daulyte, Deimante"]
[Black "Brooks, Phil J"]
[Result "1/2-1/2"]
[WhiteTitle "IM"]
[WhiteElo "2429"]
[BlackElo "2163"]
[WhiteFideId "12802859"]
[BlackFideId "405540"]
[EventDate "2016.12.09"]

1. e4 e6 2. d4 d5 3. Nd2 Nf6 4. e5 Nfd7 5. Bd3 c5 6. c3 b6 7. Ne2 Ba6 8. Bxa6
Nxa6 9. O-O Nc7 10. f4 f5 11. c4 Be7 12. cxd5 Nxd5 13. Nc4 b5 14. Ne3 N7b6 15.
Kh1 O-O 16. Qb3 Qd7 17. dxc5 Bxc5 18. Rd1 Qc6 19. Nxd5 Nxd5 20. Nc3 Nxc3 21.
Qxc3 b4 22. Qc4 Rac8 23. Bd2 Qb6 24. Be1 Be7 25. Qb3 Rc7 26. Rac1 Rxc1 27. Rxc1
Rd8 28. h3 a5 29. Kh2 Kf7 30. Qf3 g6 31. Bf2 Qb5 32. Rc7 Rd7 33. Rc8 Qd5 34.
Qxd5 Rxd5 35. Be3 h6 36. Ra8 g5 37. g3 Rd3 38. Bf2 Rd2 39. Kg1 Rxb2 40. Rxa5 b3
41. axb3 Rxb3 42. Ra7 Kf8 1/2-1/2

[Event "London Classic Open 2016"]
[Site "London ENG"]
[Date "2016.12.10"]
[Round "2.39"]
[White "Garcia Martinez, Marcos"]
[Black "Flear, Glenn C"]
[Result "0-1"]
[BlackTitle "GM"]
[WhiteElo "2160"]
[BlackElo "2428"]
[WhiteFideId "22245073"]
[BlackFideId "400165"]
[EventDate "2016.12.09"]

1. d4 d5 2. g3 Nf6 3. Nf3 c6 4. c4 dxc4 5. Bg2 Nbd7 6. a4 a5 7. Nc3 g6 8. e4 Bg7
9. O-O O-O 10. Qe2 Nb6 11. h3 Ne8 12. Bf4 f5 13. Be5 Nf6 14. Nd2 fxe4 15. Nxc4
Be6 16. Nxb6 Qxb6 17. Nxe4 Nxe4 18. Bxg7 Kxg7 19. Qxe4 Bc4 20. Qxe7+ Kg8 21.
Rac1 Bxf1 22. Qe6+ Rf7 23. Bxf1 Qxd4 24. Bc4 Qxf2+ 25. Kh1 Kg7 26. Rf1 Qxf1+ 27.
Bxf1 Rxf1+ 28. Kg2 Raf8 29. Qe5+ Kg8 30. Qc5 R8f2+ 31. Qxf2 Rxf2+ 32. Kxf2 Kf7 0-1

[Event "London Classic Open 2016"]
[Site "London ENG"]
[Date "2016.12.10"]
[Round "2.40"]
[White "Cumming, Rhys"]
[Black "Pert, Richard G"]
[Result "0-1"]
[BlackTitle "IM"]
[WhiteElo "2156"]
[BlackElo "2423"]
[WhiteFideId "470163"]
[BlackFideId "404748"]
[EventDate "2016.12.09"]

1. e4 e6 2. d4 d5 3. e5 c5 4. c3 Nc6 5. Nf3 Bd7 6. Be2 Nge7 7. Na3 cxd4 8. cxd4
Nf5 9. Nc2 Qb6 10. O-O Na5 11. b3 Bb5 12. Bxb5+ Qxb5 13. Qd2 Nc6 14. Ba3 Bxa3
15. Nxa3 Qb6 16. Nc2 a5 17. Rfd1 O-O 18. Ne3 Nxe3 19. Qxe3 h6 20. g4 Rac8 21. g5
h5 22. Rac1 Ne7 23. Qd2 Qb5 24. Kg2 g6 25. Rxc8 Rxc8 26. Rc1 Rxc1 27. Qxc1 Nc6
28. Qc5 Qd3 29. Qb6 Qe4 30. h3 Kg7 31. a3 Qd3 32. b4 Qxa3 33. b5 Qb4 34. Qc5 Ne7
35. Qc7 Nf5 36. Qxb7 Nxd4 37. Nxd4 Qxd4 38. Qc7 Qe4+ 39. Kh2 Qf4+ 40. Kh1 Qe4+
41. Kh2 a4 42. b6 a3 43. b7 a2 44. b8=Q Qf4+ 45. Kg2 Qxg5+ 46. Kf3 a1=Q 0-1

[Event "London Classic Open 2016"]
[Site "London ENG"]
[Date "2016.12.10"]
[Round "2.41"]
[White "Raghunandan, Kaumandur Srihari"]
[Black "Britton, Richard L"]
[Result "0-1"]
[WhiteTitle "IM"]
[BlackTitle "FM"]
[WhiteElo "2423"]
[BlackElo "2139"]
[WhiteFideId "25004964"]
[BlackFideId "401692"]
[EventDate "2016.12.09"]

1. d4 Nf6 2. c4 g6 3. Nc3 Bg7 4. e4 d6 5. Nf3 O-O 6. Be2 e5 7. O-O Nc6 8. d5 Ne7
9. b4 Ne8 10. c5 h6 11. Nd2 f5 12. a4 Kh7 13. Ba3 f4 14. Bg4 Bxg4 15. Qxg4 Ng8
16. Qe2 g5 17. f3 Rf6 18. Nc4 Rg6 19. a5 h5 20. b5 dxc5 21. Bxc5 Nd6 22. Rac1
Nh6 23. Kh1 g4 24. b6 Nxc4 25. Qxc4 cxb6 26. axb6 axb6 27. Bb4 h4 28. Ne2 Qg5
29. Qb3 gxf3 30. Qxf3 Ra4 31. Bd2 Ra2 32. Rcd1 Bf8 33. Bxf4 exf4 34. Nxf4 Rf6
35. Ne6 Qg6 36. Qh3 Rxf1+ 37. Rxf1 Bd6 38. e5 Rf2 39. Rg1 Bxe5 40. Qxh4 Qf6 41.
Qe4+ Kg8 42. Qc4 Kf7 43. Qc8 Qh4 44. Qd7+ Kg6 45. Qe8+ Nf7 46. h3 Kf6 47. Rd1
Qg3 48. Nf4 Rxf4 49. Qe6+ Kg7 50. Kg1 Kh7 51. d6 Bxd6 52. Rxd6 Nxd6 53. Qxd6
Rf1+ 0-1

[Event "London Classic Open 2016"]
[Site "London ENG"]
[Date "2016.12.10"]
[Round "2.42"]
[White "Zoltek, Tadeusz"]
[Black "Eggleston, David J"]
[Result "1-0"]
[WhiteTitle "FM"]
[BlackTitle "IM"]
[WhiteElo "2140"]
[BlackElo "2399"]
[WhiteFideId "1101048"]
[BlackFideId "412120"]
[EventDate "2016.12.09"]

1. Nf3 Nf6 2. c4 b6 3. g3 Bb7 4. Bg2 e6 5. O-O Be7 6. Nc3 O-O 7. Re1 d5 8. cxd5
exd5 9. d4 c5 10. Bg5 Nbd7 11. e3 Re8 12. Ne5 Nxe5 13. dxe5 Ne4 14. Bxe7 Qxe7
15. f4 Rad8 16. Qc2 f5 17. Rad1 h5 18. Nb5 Ba8 19. Bxe4 fxe4 20. Qe2 h4 21. Qg4
hxg3 22. hxg3 d4 23. Nd6 Rxd6 24. exd6 Qxd6 25. Kf2 Qf6 26. Rh1 dxe3+ 27. Kxe3
Bc6 28. Rd2 c4 29. Qh4 Qxh4 30. Rxh4 Re6 31. g4 b5 32. a3 a5 33. g5 Kf7 34. f5
Re5 35. Rd6 Be8 36. Rxe4 Rxe4+ 37. Kxe4 b4 38. axb4 axb4 39. Rb6 c3 40. bxc3
bxc3 41. Rb7+ Kf8 42. Rc7 g6 43. f6 Bb5 44. Rxc3 Bf1 45. Ke5 Kf7 46. Rc7+ Kf8
47. f7 Kg7 48. Ke6 Bh3+ 49. Ke7 1-0

[Event "London Classic Open 2016"]
[Site "London ENG"]
[Date "2016.12.10"]
[Round "2.43"]
[White "Houska, Jovanka"]
[Black "Van der Elburg, Freddie"]
[Result "1-0"]
[WhiteTitle "IM"]
[WhiteElo "2397"]
[BlackElo "2135"]
[WhiteFideId "405094"]
[BlackFideId "1007904"]
[EventDate "2016.12.09"]

1. d4 f5 2. Nf3 Nf6 3. g3 g6 4. Bg2 Bg7 5. O-O O-O 6. c4 d6 7. Nc3 c6 8. d5 Bd7
9. Rb1 Na6 10. Be3 e5 11. dxe6 Bxe6 12. b3 Ng4 13. Bd4 Ne5 14. Qd2 h6 15. Rfd1
Qe7 16. Be3 Nf7 17. Nd4 Rfe8 18. Nxe6 Qxe6 19. Bd4 Nc5 20. Bxg7 Kxg7 21. b4 Ne4
22. Qb2 Nf6 23. b5 Qxc4 24. Rbc1 Qe6 25. bxc6 bxc6 26. Bxc6 Rab8 27. Qa3 Re7 28.
e3 Rc7 29. Bg2 Rbc8 30. Ne2 Rxc1 31. Nxc1 Rc2 32. Qxa7 Ng4 33. Bd5 Qf6 34. Nd3
h5 35. Bb3 Rc3 36. Nf4 Rxb3 37. axb3 Qb2 38. Qd4+ 1-0

[Event "London Classic Open 2016"]
[Site "London ENG"]
[Date "2016.12.10"]
[Round "2.44"]
[White "Seymour, Timothy P"]
[Black "Grafl, Florian"]
[Result "0-1"]
[BlackTitle "IM"]
[WhiteElo "2060"]
[BlackElo "2394"]
[WhiteFideId "412112"]
[BlackFideId "4645715"]
[EventDate "2016.12.09"]

1. c4 Nc6 2. g3 e5 3. Bg2 f5 4. Nc3 Nf6 5. d3 Bb4 6. Bd2 O-O 7. Nd5 Bxd2+ 8.
Qxd2 Ne7 9. e3 Nexd5 10. cxd5 f4 11. Ne2 Ng4 12. gxf4 Qh4 13. Rf1 exf4 14. Nxf4
g5 15. Nh3 Nxh2 16. Rg1 d6 17. O-O-O Bxh3 18. Bxh3 Qxh3 19. Rxg5+ Kf7 20. Qc3
Rac8 21. Rh1 Rg8 22. Rxg8 Kxg8 23. Qf6 Rf8 24. Rg1+ Ng4 25. Qg5+ Kh8 26. Qxg4
Qxg4 27. Rxg4 Rxf2 28. Rc4 Rf7 29. Kd2 h5 30. Ke2 Kg7 31. b4 Kg6 32. Rh4 Kg5 33.
Rh1 h4 34. e4 Rf4 35. Ke3 Rg4 36. Rc1 h3 37. Kf3 0-1

[Event "London Classic Open 2016"]
[Site "London ENG"]
[Date "2016.12.10"]
[Round "2.45"]
[White "Soumya, Swaminathan"]
[Black "Millward, Kevin P"]
[Result "1-0"]
[WhiteTitle "WGM"]
[WhiteElo "2384"]
[BlackElo "2027"]
[WhiteFideId "5016193"]
[BlackFideId "404721"]
[EventDate "2016.12.09"]

1. e4 d6 2. d4 g6 3. Nc3 Bg7 4. f4 a6 5. Nf3 b5 6. Bd3 Nd7 7. a4 b4 8. Ne2 c5 9.
c3 bxc3 10. bxc3 Bb7 11. Rb1 Qc7 12. O-O Ngf6 13. Ng3 d5 14. e5 Ne4 15. Bxe4
dxe4 16. Ng5 h6 17. Nxf7 Rf8 18. e6 Nf6 19. Ne5 Bd5 20. Nxg6 Bxe6 21. Nxf8 Kxf8
22. Re1 Rd8 23. Ba3 cxd4 24. cxd4 Qxf4 25. Nxe4 Nxe4 26. Rf1 Nf2 27. Bc5 Kg8 28.
Rxf2 Qh4 29. Qe2 Bf7 30. Bxe7 Qxf2+ 31. Qxf2 1-0

[Event "London Classic Open 2016"]
[Site "London ENG"]
[Date "2016.12.10"]
[Round "2.46"]
[White "Woong, Zhi Wei William"]
[Black "Martins, David Pires Tavares"]
[Result "1/2-1/2"]
[WhiteTitle "CM"]
[BlackTitle "FM"]
[WhiteElo "2000"]
[BlackElo "2382"]
[WhiteFideId "5804906"]
[BlackFideId "1909991"]
[EventDate "2016.12.09"]

1. e4 g6 2. d4 Bg7 3. Nc3 d6 4. f4 a6 5. Nf3 b5 6. Bd3 Bb7 7. O-O Nd7 8. e5 c5
9. Be4 Bxe4 10. Nxe4 cxd4 11. exd6 Qb6 12. Re1 e6 13. f5 gxf5 14. Ng3 O-O-O 15.
Nh5 Bf8 16. Nxd4 Ndf6 17. Be3 Qxd6 18. c3 Nd5 19. Bf2 Ngf6 20. a4 Ng4 21. Bg3
Qb6 22. axb5 axb5 23. Ra8+ Kd7 24. Rxd8+ Kxd8 25. h3 Nge3 26. Qd3 Bh6 27. Bf2 f4
28. Nxb5 Ke7 29. c4 Rg8 30. cxd5 Rxg2+ 31. Kh1 Rxf2 32. Qa3+ Kd8 33. Qa8+ Kd7
34. Nf6+ Ke7 35. Ng8+ Kd7 36. Nf6+ Ke7 37. Ng8+ Kd7 38. Nf6+ Ke7 1/2-1/2

[Event "London Classic Open 2016"]
[Site "London ENG"]
[Date "2016.12.10"]
[Round "2.47"]
[White "Nettleton, Charlie B"]
[Black "Warakomska, Anna"]
[Result "1/2-1/2"]
[BlackTitle "WIM"]
[WhiteElo "1963"]
[BlackElo "2348"]
[WhiteFideId "419710"]
[BlackFideId "1130790"]
[EventDate "2016.12.09"]

1. d4 d5 2. Bf4 Nf6 3. e3 c5 4. c3 Nc6 5. Bd3 e6 6. Nd2 Be7 7. Ngf3 Nh5 8. Be5
Nxe5 9. Nxe5 Nf6 10. f4 O-O 11. Qf3 g6 12. g4 Ne8 13. g5 f6 14. gxf6 Bxf6 15.
Qg4 Bg7 16. h4 cxd4 17. cxd4 Nf6 18. Qg5 Qe8 19. h5 gxh5 20. Rg1 Qe7 21. Qh6 Bd7
22. Ke2 Be8 23. Rg2 Kh8 24. Qg5 a6 25. Rag1 Rg8 26. Ndf3 Bb5 27. Nh4 Bxd3+ 28.
Kxd3 Qe8 29. Rh1 Rc8 30. a4 Rc7 31. b3 b5 32. Rgh2 Rc3+ 33. Ke2 Rc2+ 34. Kf3
Rxh2 35. Rxh2 Ng4 36. Nhg6+ hxg6 37. Nxg4 Qf7 38. Nh6 Bxh6 39. Qxh6+ Qh7 40.
Qxh7+ Kxh7 41. Rc2 bxa4 42. bxa4 Kg7 43. Rc6 Kf6 44. Rxa6 Rh8 45. Rb6 Ra8 46.
Rb4 h4 47. Kg4 Rh8 48. Kh3 Kf5 49. Rb3 g5 50. fxg5 Kxg5 51. a5 Ra8 52. Rb6 Kf5
53. a6 e5 54. dxe5 Kxe5 55. Kxh4 d4 56. exd4+ 1/2-1/2

[Event "London Classic Open 2016"]
[Site "London ENG"]
[Date "2016.12.10"]
[Round "2.48"]
[White "Bok, Benjamin"]
[Black "Giakoustidis, Spiros-Avgerinos"]
[Result "1-0"]
[WhiteTitle "GM"]
[WhiteElo "2598"]
[BlackElo "1800"]
[WhiteFideId "1017063"]
[BlackFideId "4208668"]
[EventDate "2016.12.09"]

1. d4 d5 2. Nf3 Nf6 3. Bf4 c5 4. e3 Qb6 5. Nc3 Bd7 6. dxc5 Qxc5 7. Bd3 e6 8. O-O
Bd6 9. Bg5 a6 10. e4 dxe4 11. Bxe4 Qc7 12. Bxb7 Ra7 13. Be4 Nc6 14. Re1 h6 15.
Bxf6 gxf6 16. Bxc6 Bxc6 17. Nd5 Bxd5 18. Qxd5 Be7 19. Qh5 Qxc2 20. Rxe6 Qg6 21.
Qc5 fxe6 22. Qxa7 Rg8 23. g3 Qe4 24. Kg2 Qc6 25. Qe3 h5 26. Rc1 Qd5 27. Qh6 Kd7
28. Rc2 Qxa2 29. Rd2+ Kc8 30. Qh7 Re8 31. Qf7 1-0

[Event "London Classic Open 2016"]
[Site "London ENG"]
[Date "2016.12.10"]
[Round "2.49"]
[White "Johansson, Toni"]
[Black "Libiszewski, Fabien"]
[Result "0-1"]
[BlackTitle "GM"]
[WhiteElo "2071"]
[BlackElo "2547"]
[WhiteFideId "1703269"]
[BlackFideId "616834"]
[EventDate "2016.12.09"]

1. d4 d6 2. Nf3 g6 3. Bf4 Bg7 4. e3 Nd7 5. Bc4 e6 6. Nc3 a6 7. a4 b6 8. O-O Bb7
9. e4 Ne7 10. Qd2 h6 11. Rad1 g5 12. Bg3 Ng6 13. h3 Nf6 14. Rfe1 Nh5 15. Bh2 O-O
16. Be2 Nhf4 17. Bf1 f5 18. Bxf4 Nxf4 19. g3 Ng6 20. Bg2 f4 21. d5 e5 22. g4 Bc8
23. Ne2 h5 24. gxh5 Nh8 25. Nh2 Qe8 26. Qc3 Qxh5 27. Qf3 Qh7 28. Ng4 Ng6 29. Bf1
Nh4 30. Qh1 Bf6 31. Rd3 Bxg4 32. hxg4 Qd7 33. f3 Qxa4 34. Rc3 Qb4 35. Qh3 Rf7
36. b3 Rh7 37. Ra1 b5 38. Rc6 Qd2 39. Rc3 b4 40. Rd3 Qxc2 0-1

[Event "London Classic Open 2016"]
[Site "London ENG"]
[Date "2016.12.10"]
[Round "2.50"]
[White "Bartholomew, John"]
[Black "Ditmas, Hugh"]
[Result "1-0"]
[WhiteTitle "IM"]
[WhiteElo "2448"]
[BlackElo "2018"]
[WhiteFideId "2019353"]
[BlackFideId "1270666"]
[EventDate "2016.12.09"]

1. d4 Nf6 2. Nf3 e6 3. e3 b6 4. Bd3 Bb7 5. O-O Be7 6. c4 O-O 7. Nc3 d5 8. cxd5
exd5 9. b3 a6 10. Bb2 Nbd7 11. Rc1 Bd6 12. Nh4 Re8 13. Re1 g6 14. f4 Ne4 15. Nf3
Ndf6 16. Ne5 Nxc3 17. Bxc3 Ne4 18. Bxe4 dxe4 19. d5 f5 20. Bb2 Rc8 21. Nc6 Bxc6
22. Rxc6 Kf7 23. Qd4 Rg8 24. Rf1 Qe7 25. Kh1 a5 26. Qc4 Rcd8 27. Be5 Rd7 28.
Bxd6 cxd6 29. Rxb6 Rc7 30. Rc6 Rgc8 31. Rc1 Rxc6 32. dxc6+ Qe6 33. Qa6 d5 34.
Qa7+ Kg8 35. Qxa5 d4 36. exd4 Qd6 37. Qe5 Qa3 38. Rd1 Qa6 39. d5 Qe2 40. Rg1 Ra8
41. c7 Qc2 42. d6 Qc6 43. b4 Re8 44. b5 Qd7 45. Qd5+ Kf8 46. Qc6 1-0

[Event "London Classic Open 2016"]
[Site "London ENG"]
[Date "2016.12.10"]
[Round "2.51"]
[White "Arkell, Keith C"]
[Black "Fischer, Daniel"]
[Result "1-0"]
[WhiteTitle "GM"]
[WhiteElo "2447"]
[BlackElo "2024"]
[WhiteFideId "400270"]
[BlackFideId "1328360"]
[EventDate "2016.12.09"]

1. c4 e5 2. Nc3 Nf6 3. g3 Bc5 4. Bg2 a6 5. e3 d6 6. Nge2 Ba7 7. h3 Nc6 8. g4 h6
9. Ng3 g6 10. b3 O-O 11. Bb2 Rb8 12. Nd5 Nxd5 13. cxd5 Nb4 14. d4 exd4 15. exd4
Qe8+ 16. Kf1 Qb5+ 17. Kg1 Nxd5 18. Qd2 Qb4 19. Qxh6 Bxd4 20. Bxd5 Bxb2 21. Qxg6+
Kh8 22. Qh6+ Kg8 23. Be4 1-0

[Event "London Classic Open 2016"]
[Site "London ENG"]
[Date "2016.12.10"]
[Round "2.52"]
[White "Czopor, Maciej"]
[Black "Wells, Peter K"]
[Result "1/2-1/2"]
[BlackTitle "GM"]
[WhiteElo "2035"]
[BlackElo "2431"]
[WhiteFideId "21805431"]
[BlackFideId "400327"]
[EventDate "2016.12.09"]

1. e4 c5 2. Nf3 d6 3. d4 cxd4 4. Nxd4 Nf6 5. Nc3 Nc6 6. Bg5 e6 7. Qd2 a6 8.
O-O-O Bd7 9. f4 h6 10. Bh4 g5 11. fxg5 Ng4 12. Nxc6 Bxc6 13. Qf4 hxg5 14. Bxg5
Qxg5 15. Qxg5 Bh6 16. Qxh6 Rxh6 17. Rxd6 Nf2 18. Rg1 Rxh2 19. Be2 Ke7 20. Rd4 e5
21. Rc4 Kd6 22. b4 Bd7 23. Nd1 b5 24. Rc3 Nxe4 25. Rd3+ Kc7 26. Bf3 Bc6 27. Re1
f5 28. g4 Nd6 29. Bxc6 Kxc6 30. gxf5 e4 31. Rc3+ 1/2-1/2

[Event "London Classic Open 2016"]
[Site "London ENG"]
[Date "2016.12.10"]
[Round "2.53"]
[White "Rice, Chris B"]
[Black "Batchelor, Peter J"]
[Result "1-0"]
[BlackTitle "FM"]
[WhiteElo "2002"]
[BlackElo "2365"]
[WhiteFideId "404446"]
[BlackFideId "424854"]
[EventDate "2016.12.09"]

1. c4 Nf6 2. g3 e6 3. Bg2 d5 4. Nf3 dxc4 5. Na3 Bxa3 6. bxa3 Nc6 7. Bb2 O-O 8.
Qc2 Re8 9. Qxc4 e5 10. Ng5 Qe7 11. O-O h6 12. Ne4 Nd7 13. Rfc1 Nb6 14. Qc2 Bf5
15. d3 Rab8 16. Nc5 Nd4 17. Bxd4 exd4 18. Nxb7 Qxa3 19. Nc5 Bg4 20. f3 Be6 21.
Nb3 Bxb3 22. axb3 Qb4 23. f4 a5 24. Bf3 Re7 25. Qc5 Nc8 26. Rxa5 Nd6 27. Qxb4
Rxb4 28. Ra4 Rxb3 29. Rxd4 Rb2 30. Kf2 g5 31. fxg5 hxg5 32. Rd5 f5 33. h3 Kg7
34. Rdc5 f4 35. Rxg5+ Kf6 36. gxf4 Nf5 37. Rc6+ Nd6 38. Rgc5 Rb4 39. Rxc7 Rxf4
40. Rxe7 Kxe7 41. Kg3 Rb4 42. Bg4 Rd4 43. Ra5 Kf6 44. Kf2 Rb4 45. e4 Nf7 46.
Rf5+ Ke7 47. Ke3 Ra4 48. d4 Ra3+ 49. Kf4 Ra4 50. Rd5 Kf6 51. Rd7 Rb4 52. h4 1-0

[Event "London Classic Open 2016"]
[Site "London ENG"]
[Date "2016.12.10"]
[Round "2.54"]
[White "Varney, Zoe"]
[Black "Buckley, Graeme N"]
[Result "0-1"]
[BlackTitle "IM"]
[WhiteElo "2000"]
[BlackElo "2342"]
[WhiteFideId "436135"]
[BlackFideId "402265"]
[EventDate "2016.12.09"]

1. e4 c5 2. c3 e6 3. d4 d5 4. exd5 exd5 5. Nf3 Nc6 6. h3 Bd6 7. Be3 c4 8. b3
cxb3 9. Qxb3 Nf6 10. Bd3 O-O 11. O-O h6 12. Nbd2 Re8 13. Rfe1 Bd7 14. c4 Na5 15.
Qb2 dxc4 16. Nxc4 Nxc4 17. Bxc4 b5 18. Bb3 Qb8 19. Bd2 Bc6 20. Ne5 Bxe5 21. dxe5
Ne4 22. Bf4 Qb7 23. Qc2 a5 24. Rac1 Rac8 25. Qe2 a4 26. Bc2 Nc3 27. Qg4 Bd7 28.
Qg3 Kf8 29. Qh4 Qb6 30. Be3 Qe6 31. Bh7 Rc4 32. g4 Bc6 33. Bd2 Qd5 34. Be4 Rxe4 0-1

[Event "London Classic Open 2016"]
[Site "London ENG"]
[Date "2016.12.10"]
[Round "2.55"]
[White "Cox, John J"]
[Black "Grigoryan, Meri"]
[Result "1-0"]
[WhiteTitle "IM"]
[BlackTitle "WFM"]
[WhiteElo "2320"]
[BlackElo "1972"]
[WhiteFideId "401064"]
[BlackFideId "13300571"]
[EventDate "2016.12.09"]

1. c4 Nf6 2. g3 e6 3. Nf3 d5 4. b3 d4 5. Bg2 c5 6. O-O Nc6 7. e3 e5 8. exd4 exd4
9. d3 Be7 10. Na3 O-O 11. Nc2 a5 12. Na3 Nb4 13. Nb5 Bd7 14. a3 Bxb5 15. axb4
Bc6 16. b5 Bxf3 17. Qxf3 Ra7 18. Re1 Nd7 19. Bd2 Bg5 20. Bxg5 Qxg5 21. Qd5 Qxd5
22. Bxd5 Nf6 23. Re7 Nxd5 24. cxd5 f6 25. Rae1 Rf7 26. Re8+ Rf8 27. b6 Ra8 28.
Rxa8 Rxa8 29. Re7 Rb8 30. Rc7 Kf8 31. Kg2 h6 32. Kf3 g6 33. Rh7 Kg8 34. Rd7 Kf8
35. d6 Ke8 36. Re7+ Kf8 37. Ke4 Re8 38. Rxe8+ Kxe8 39. Kd5 1-0

[Event "London Classic Open 2016"]
[Site "London ENG"]
[Date "2016.12.10"]
[Round "2.56"]
[White "Paszewski, Mateusz"]
[Black "Cannon, Raymond C"]
[Result "1-0"]
[WhiteElo "2281"]
[BlackElo "1942"]
[WhiteFideId "1141058"]
[BlackFideId "408018"]
[EventDate "2016.12.09"]

1. e4 d6 2. d4 Nf6 3. Nc3 g6 4. f4 Bg7 5. Nf3 O-O 6. e5 dxe5 7. fxe5 Nd5 8. Bc4
Nb6 9. Bb3 Nc6 10. O-O a5 11. a4 Bg4 12. Be3 e6 13. Ne4 Nd5 14. Bg5 f6 15. exf6
Nxf6 16. c3 Qe8 17. Nxf6+ Bxf6 18. Bxf6 Rxf6 19. h3 Bxf3 20. Rxf3 Qf7 21. Rxf6
Qxf6 22. Qe2 Rf8 23. Qxe6+ Qxe6 24. Bxe6+ Kg7 25. Bd5 Ne7 26. Bf3 c6 27. Re1 Rf7
28. Re5 b6 29. Re6 c5 30. d5 Nc8 31. Rc6 Rf8 32. Kf2 Rd8 33. g4 Ne7 34. Rc7 Kf6
35. g5+ Kf7 36. c4 Rd6 37. Bg4 Ke8 38. Be6 Kf8 39. Kf3 Ke8 40. Kf4 Kf8 41. Ke5
Rd8 42. d6 1-0